000 00786nam a22002057a 4500
999 _c7202
_d7202
003 AR-CdUCM
008 190320b ||||| |||| 00| 0 spa d
040 _aMUNICIPALIDAD PROVINCIAL DEL CUSCO
_cBIBLIOTECA MUNICIPAL DEL CUSCO
082 _a630 /
_bAL44
110 _aMensajero Agrícola S. A,
_920279
245 _aAlmanaque agropecuario del Perú 1963 /
260 _aPerú :
_bMensajero agricola,
_c1964..
300 _a320 paginas ,
_bIlustraciones,
_c29 cm.
505 _aSección sanidad vegetal -- Sección mecanización -- Sección ganadería -- Sección estadísticas -- Sección organismos agrícolas afines....
650 _asistema agricola
_920300
650 _aFertilizantes
_919426
650 _aAgricultores y ganaderos
_920301
942 _2ddc
_cLIBROS
945 _awnts